| 000 | 00987nam a22003017a 4500 | ||
|---|---|---|---|
| 003 | CHAP | ||
| 005 | 20220329140008.0 | ||
| 008 | 971013s1974 r 00010 d | ||
| 010 | _a45235 | ||
| 011 | _a46207 | ||
| 035 | _a50348 | ||
| 040 | _cCHAP | ||
| 090 | _aFolleto 7883 | ||
| 100 | 0 | 0 |
_aReed, Jeffrey G. _995412 |
| 245 | _aInformation-seeking behavior of college students using the library to do research ; a pilot study | ||
| 260 |
_aMadison : _bTowson State College, _c1974 |
||
| 300 | _a36 p. | ||
| 590 |
_aBATCH-UPD _b10 _c20130110 _lUCH01 _h0100 |
||
| 590 |
_aBATCH-UPD _b10 _c20130110 _lUCH01 _h2157 |
||
| 590 |
_aBATCH-UPD _b10 _c20130410 _lUCH01 _h1506 |
||
| 590 |
_aBATCH-UPD _b10 _c20130914 _lUCH01 _h0623 |
||
| 590 |
_aCONVERSION _b10 _c20130109 _lUCH01 _h1325 |
||
| 650 | 1 | 4 |
_aBibliotecas _xOrientación a los usuarios. _912528 |
| 650 | 1 | 4 |
_aBiblioteconomía _xInvestigación. _912579 |
| 901 | _aBK | ||
| 942 | _cFOLL | ||
| 949 |
_aFolleto 7883 _bBC _cB _d-113175 _eB _i50348 _si |
||
| 999 |
_c45235 _d45235 |
||